000 01241nam a22003017i 4500
999 _c23060
_d23060
003 AR-CdUCM
008 240916b20222022 pe||||| |||| 00| 0 spa d
020 _a978-612-00-7953-9
040 _aMUNICIPALIDAD PROVINCIAL DEL CUSCO
_cBIBLIOTECA MUNICIPAL DEL CUSCO
041 _hspa
082 _a530.076 / H93
_bH93
100 _aHumpire Castillo, Jesús Efraín
_950511
245 _aFísica I :
_bCurso teórico con aplicaciones /
260 _aCusco :
_c2022
300 _a191 páginas. :
_c 30 cm.
500 _zBibliografía: página 191
505 _aDefinición de la física -- Magnitudes físicas -- Clasificación de las magnitudes de la física -- Notación exponencial -- Representación gráfica de un vector -- Componentes rectangulares de un vector -- Suma de varios vectores por el método de las componentes rectangulares -- Triple producto escalar -- Vectores perpendiculares.
650 _aFísica
_92382
650 _aProblemas
_99246
650 _aEstudio
_94228
650 _aEjercicios
_919599
650 _aEnseñanzas
_916424
650 _aVectores
_950512
700 _aVargas Soto, Eduardo Enrique
_950513
700 _aVelásquez Ayma, Álvaro
_950514
942 _2ddc
_cLIBROS
945 _apbj
_d2024-09-16